000 00549nam a2200193Ia 4500
005 20250508153053.0
008 008 250505s9999 xx 000 0 hin d
037 _aTextual
040 _aFEDL
_beng
_cFEDL
041 _ahin
_2hin
084 _a750.7, SHU
_qFEDL
100 _aShukla Ram Chandra
245 0 _aNaveen Bhartiya chtrakala shikshan paddati
260 _aAllahabad, India
_bKitab Mahal
_c1983
300 _a159p
546 _aAcc. No. 088660 is photocopy
942 _cTEXL
_h750.7, SHU
999 _c1340519
_d1340519